Faktory ovplyvňujúce podnikanie na realitnom trhu bakalárska práca
Na minha lista:
| Autor principal: | |
|---|---|
| Autor Corporativo: | |
| Outros Autores: | |
| Formato: | Livro |
| Idioma: | eslovaco |
| Publicado em: |
Bratislava
2021
|
| Tags: |
Sem tags, seja o primeiro a adicionar uma tag!
|
MARC
| LEADER | 00000nbm a2200000 4500 | ||
|---|---|---|---|
| 001 | 0275970 | ||
| 005 | 20220127122124.8 | ||
| 041 | 0 | |a slo | |
| 044 | |a SK | ||
| 245 | 1 | 0 | |a Faktory ovplyvňujúce podnikanie na realitnom trhu |b bakalárska práca |c Jana Migrová ; školiteľ: Jozef Orgonáš |
| 264 | 1 | |a Bratislava |c 2021 | |
| 300 | |a 51 s. | ||
| 100 | 1 | |a Migrová, Jana | |
| 700 | 1 | |a Orgonáš, Jozef, 1957- | |
| 710 | 2 | |a Obchodná fakulta EU. Katedra marketingu | |